[Event "CAN-ch w"]
[Site "Kitchener CAN"]
[Date "2009.08.01"]
[Round "2"]
[White "Starr (Shterenberg), Nava"]
[Black "Yuan, Yuanling"]
[Result "1/2-1/2"]
[WhiteElo "2075"]
[BlackElo "2307"]
[PlyCount "93"]
[GameId "2160767910093407"]
[EventDate "2009.07.31"]
[EventType "tourn"]
[EventRounds "7"]
[EventCountry "CAN"]

1. e4 c5 2. c3 d5 3. exd5 Qxd5 4. d4 Nc6 5. Nf3 Bg4 6. Be2 e6 7. O-O Nf6 8. Be3 cxd4 9. cxd4 Be7 10. Nc3 Qd6 11. h3 Bh5 12. Qb3 O-O 13. Rfd1 Rfd8 14. a3 Rac8 15. Rac1 Qb8 16. d5 exd5 17. Nxd5 Nxd5 18. Rxd5 Bg6 19. Rcd1 Qc7 20. Qc4 Rxd5 21. Rxd5 Rd8 22. Rxd8+ Qxd8 23. b4 a6 24. Qc1 Bd3 25. Bb6 Qxb6 26. Bxd3 g6 27. Qf4 Qd8 28. Qe4 Qd6 29. Bc4 Kg7 30. Qd5 Qf6 31. g3 Bd8 32. Kg2 Bb6 33. h4 h6 34. a4 Nd8 35. Qe5 Nc6 36. Qd5 Nd8 37. Qe5 Qxe5 38. Nxe5 Bd4 39. Nd3 f5 40. Kf3 Kf6 41. Ke2 Ne6 42. f3 Bc3 43. Nc5 Nxc5 44. bxc5 a5 45. Bd5 Bd4 46. Bxb7 Bxc5 47. Bc6 1/2-1/2

[Event "CAN-ch w"]
[Site "Kitchener CAN"]
[Date "2009.08.04"]
[Round "2"]
[White "Lacau Rodean, Iulia"]
[Black "Kagramanov, Dina"]
[Result "0-1"]
[WhiteElo "2035"]
[BlackElo "2093"]
[PlyCount "156"]
[GameId "2160767910093408"]
[EventDate "2009.07.31"]
[EventType "tourn"]
[EventRounds "7"]
[EventCountry "CAN"]
[SourceTitle "EXT 2011"]
[Source "ChessBase"]
[SourceDate "2011.11.26"]
[SourceVersion "1"]
[SourceVersionDate "2011.11.26"]
[SourceQuality "1"]

1. e4 c5 2. Nf3 e6 3. g3 Nc6 4. Bg2 Nge7 5. O-O g6 6. c3 Bg7 7. Na3 O-O 8. d4 cxd4 9. cxd4 d5 10. e5 f6 11. exf6 Bxf6 12. Bg5 Bxg5 13. Nxg5 Nf5 14. Nf3 Qb6 15. Nc2 Qxb2 16. Qd3 Qb6 17. g4 Nfe7 18. Qe3 Kg7 19. a4 Qc7 20. Ng5 Nd8 21. Nb4 Qf4 22. h3 h6 23. Nf3 Ndc6 24. Nd3 Qxe3 25. fxe3 b6 26. Nfe5 Ba6 27. Rxf8 Rxf8 28. Nf4 Bc8 29. Nxc6 Nxc6 30. Rc1 Na5 31. Rc7+ Kf6 32. Rxa7 Nc4 33. Kf2 Rf7 34. Rxf7+ Kxf7 35. e4 g5 36. Ne2 dxe4 37. Bxe4 Bd7 38. Nc3 Ke7 39. Bd3 Nb2 40. Bc2 Bc6 41. Kg3 Kd6 42. h4 e5 43. dxe5+ Kxe5 44. hxg5 hxg5 45. Nb5 Kd5 46. Kf3 Kc5+ 47. Be4 Nxa4 48. Bxc6 Kxc6 49. Nd4+ Kd5 50. Ke3 Nc3 51. Nf3 Ne4 52. Kd3 b5 53. Kc2 Kc4 54. Kb2 Kb4 55. Ne5 Nd6 56. Nf3 Ne4 57. Ne5 Kc5 58. Nf3 Kc4 59. Kc2 b4 60. Kb2 Kc5 61. Ne5 Kb5 62. Nf3 Ka4 63. Nd4 Nc5 64. Nf3 Ne6 65. Ne5 b3 66. Nf3 Kb4 67. Nd2 Nc5 68. Nf3 Ne4 69. Nd4 Nd2 70. Nc6+ Kc5 71. Ne5 Nc4+ 72. Nxc4 Kxc4 73. Kb1 Kd3 74. Kb2 Ke4 75. Kxb3 Kf4 76. Kc2 Kxg4 77. Kd2 Kg3 78. Ke2 Kg2 0-1

[Event "CAN-ch w"]
[Site "Kitchener CAN"]
[Date "2009.08.04"]
[Round "2"]
[White "Serbanescu, Natasa"]
[Black "Kagramanov, Dalia"]
[Result "1/2-1/2"]
[WhiteElo "1849"]
[BlackElo "1832"]
[PlyCount "142"]
[GameId "2160767910093409"]
[EventDate "2009.07.31"]
[EventType "tourn"]
[EventRounds "7"]
[EventCountry "CAN"]
[SourceTitle "EXT 2011"]
[Source "ChessBase"]
[SourceDate "2011.11.26"]
[SourceVersion "1"]
[SourceVersionDate "2011.11.26"]
[SourceQuality "1"]

1. e4 c5 2. Nf3 d6 3. d4 cxd4 4. Nxd4 Nf6 5. Nc3 Nc6 6. Bb5 Bd7 7. O-O e6 8. Bg5 Be7 9. Nb3 a6 10. Be2 Qc7 11. a4 O-O 12. a5 Ne8 13. Be3 Qb8 14. f4 Qc8 15. Na4 Bd8 16. Nb6 Bxb6 17. axb6 f5 18. exf5 Rxf5 19. Bd3 Rf7 20. Qd2 Nf6 21. Na5 Nxa5 22. Qxa5 Nd5 23. Bd2 Qf8 24. f5 Rc8 25. fxe6 Bxe6 26. Rxf7 Qxf7 27. Rf1 Qd7 28. Bf4 Rc5 29. Qe1 Nxb6 30. Qh4 Bf5 31. Bxf5 Rxf5 32. Qg3 Nc8 33. Rd1 Rf6 34. Qb3+ Qf7 35. Qxf7+ Kxf7 36. Bg3 Ke6 37. Re1+ Kd7 38. Rd1 Rf5 39. h3 g6 40. Bf2 Re5 41. Rd2 Ke6 42. g4 d5 43. Bd4 Re4 44. Kf2 Nd6 45. b3 Nf7 46. c4 dxc4 47. bxc4 Nd6 48. c5 Nc4 49. Rd1 Ne5 50. Bxe5 Rxe5 51. Rd6+ Kf7 52. Rb6 Re7 53. c6 bxc6 54. Rxc6 Ra7 55. Ke3 a5 56. Kd3 a4 57. Kc2 a3 58. Kb1 a2+ 59. Ka1 Ra3 60. Rc7+ Kg8 61. Rc8+ Kg7 62. Rc7+ Kf6 63. Rxh7 Kg5 64. Rh8 Ra5 65. Rh7 Ra8 66. Rc7 Ra6 67. Rh7 Ra5 68. Rh8 Ra3 69. Rh7 Ra5 70. Rh8 Ra3 71. Rh7 Ra5 1/2-1/2

[Event "CAN-ch w"]
[Site "Kitchener CAN"]
[Date "2009.08.03"]
[Round "3"]
[White "Kagramanov, Dalia"]
[Black "Lacau Rodean, Iulia"]
[Result "0-1"]
[WhiteElo "1832"]
[BlackElo "2035"]
[PlyCount "128"]
[GameId "2160767910093410"]
[EventDate "2009.07.31"]
[EventType "tourn"]
[EventRounds "7"]
[EventCountry "CAN"]
[SourceTitle "EXT 2011"]
[Source "ChessBase"]
[SourceDate "2011.11.26"]
[SourceVersion "1"]
[SourceVersionDate "2011.11.26"]
[SourceQuality "1"]

1. e4 c5 2. Nf3 d6 3. d4 cxd4 4. Nxd4 Nf6 5. Nc3 a6 6. Bg5 e6 7. Qd2 Be7 8. O-O-O Bd7 9. f4 Nc6 10. Be2 b5 11. Bf3 Rc8 12. e5 dxe5 13. Nxc6 Bxc6 14. Qxd8+ Bxd8 15. Bxc6+ Rxc6 16. fxe5 Nd7 17. Bxd8 Kxd8 18. Rd2 Ke7 19. Re1 Rc5 20. Rde2 h5 21. Nd1 Nb6 22. Nf2 Rd8 23. Re3 Nc4 24. R3e2 Nb6 25. Kb1 g6 26. Nd3 Rc7 27. Rf1 Kf8 28. Nf4 Kg7 29. Ref2 Nc4 30. Nd3 Ne3 31. Rh1 Rdc8 32. Ne1 a5 33. Re2 Nf5 34. Rd2 Rc5 35. Nf3 Ne3 36. Rc1 b4 37. Re2 Nc4 38. Rd1 Rb5 39. Rd3 Rcc5 40. Nd4 Rxe5 41. b3 Rxe2 42. Nxe2 Na3+ 43. Kb2 Rf5 44. Rf3 Rxf3 45. gxf3 Nb5 46. Kc1 Kf6 47. Kd2 Ke5 48. Kd3 f5 49. Kc4 Na3+ 50. Kd3 g5 51. Nd4 Kd5 52. h3 Nb1 53. Ne2 Nc3 54. Nxc3+ bxc3 55. Kxc3 h4 56. Kd3 g4 57. Ke3 g3 58. c4+ Kd6 59. f4 e5 60. fxe5+ Kxe5 61. a3 f4+ 62. Kf3 Kd4 63. Kg2 Ke3 64. Kf1 f3 0-1

[Event "CAN-ch w"]
[Site "Kitchener CAN"]
[Date "2009.08.03"]
[Round "3"]
[White "Kagramanov, Dina"]
[Black "Kalaydina, Regina Veronicka"]
[Result "1-0"]
[WhiteElo "2093"]
[BlackElo "1879"]
[PlyCount "49"]
[GameId "2160767910093411"]
[EventDate "2009.07.31"]
[EventType "tourn"]
[EventRounds "7"]
[EventCountry "CAN"]
[SourceTitle "EXT 2011"]
[Source "ChessBase"]
[SourceDate "2011.11.26"]
[SourceVersion "1"]
[SourceVersionDate "2011.11.26"]
[SourceQuality "1"]

1. e4 d5 2. exd5 Qxd5 3. Nc3 Qa5 4. d4 Nf6 5. Nf3 Bg4 6. h3 Bh5 7. g4 Bg6 8. Bd2 c6 9. Bg2 Nbd7 10. Qe2 e6 11. g5 Nd5 12. Nxd5 Qxd5 13. c4 Qd6 14. Bc3 O-O-O 15. O-O h6 16. b4 hxg5 17. c5 Qc7 18. b5 Nf6 19. bxc6 Qxc6 20. Ne5 Qc7 21. Nxg6 fxg6 22. Qxe6+ Qd7 23. Bxb7+ Kxb7 24. c6+ Qxc6 25. Rab1+ 1-0

[Event "CAN-ch w"]
[Site "Kitchener CAN"]
[Date "2009.08.02"]
[Round "4"]
[White "Serbanescu, Natasa"]
[Black "Starr (Shterenberg), Nava"]
[Result "0-1"]
[WhiteElo "1817"]
[BlackElo "2075"]
[PlyCount "70"]
[GameId "2160767910093413"]
[EventDate "2009.07.31"]
[EventType "tourn"]
[EventRounds "7"]
[EventCountry "CAN"]

1. e4 g6 2. Nf3 Bg7 3. Bc4 c6 4. d4 d5 5. exd5 cxd5 6. Bb5+ Nc6 7. c3 a6 8. Bxc6+ bxc6 9. O-O Bg4 10. h3 Bxf3 11. Qxf3 Nf6 12. Bf4 O-O 13. Nd2 Qb6 14. Rab1 c5 15. dxc5 Qxc5 16. Nb3 Qc4 17. Rbd1 Qa4 18. Ra1 Ne4 19. Rfd1 e6 20. Qe3 Rfc8 21. Rd4 Qc6 22. Rd3 a5 23. Bh6 Bh8 24. f3 Nd6 25. Rad1 Qb7 26. Qf2 a4 27. Nc5 Qb5 28. Be3 Nc4 29. b4 axb3 30. Nxb3 Nxe3 31. Qxe3 Rxa2 32. Nd4 Qa4 33. R1d2 Ra1+ 34. Kh2 Bf6 35. f4 Ra2 0-1

[Event "CAN-ch w"]
[Site "Kitchener CAN"]
[Date "2009.08.03"]
[Round "4"]
[White "Kalaydina, Regina Veronicka"]
[Black "Kagramanov, Dalia"]
[Result "1-0"]
[WhiteElo "1879"]
[BlackElo "1832"]
[PlyCount "51"]
[GameId "2160767910093414"]
[EventDate "2009.07.31"]
[EventType "tourn"]
[EventRounds "7"]
[EventCountry "CAN"]
[SourceTitle "EXT 2011"]
[Source "ChessBase"]
[SourceDate "2011.11.26"]
[SourceVersion "1"]
[SourceVersionDate "2011.11.26"]
[SourceQuality "1"]

1. c4 Nf6 2. Nc3 g6 3. e4 d6 4. d4 Bg7 5. Nf3 O-O 6. Be2 b6 7. O-O Bb7 8. e5 Nfd7 9. Bf4 Nc6 10. exd6 cxd6 11. Qd2 Re8 12. Rad1 Nf6 13. d5 Nb8 14. Bh6 Bh8 15. Nd4 e5 16. dxe6 fxe6 17. Bf3 Bxf3 18. Nxf3 Ng4 19. Bg5 Bxc3 20. Qxc3 Qc7 21. Qd3 Ne5 22. Nxe5 dxe5 23. Rfe1 Rf8 24. Qd6 Qxc4 25. Bh6 Re8 26. Qxe5 1-0

[Event "CAN-ch w"]
[Site "Kitchener CAN"]
[Date "2009.08.03"]
[Round "4"]
[White "Lacau Rodean, Iulia"]
[Black "Yuan, Yuanling"]
[Result "0-1"]
[WhiteElo "2035"]
[BlackElo "2203"]
[PlyCount "106"]
[GameId "2160767910093415"]
[EventDate "2009.07.31"]
[EventType "tourn"]
[EventRounds "7"]
[EventCountry "CAN"]
[SourceTitle "EXT 2011"]
[Source "ChessBase"]
[SourceDate "2011.11.26"]
[SourceVersion "1"]
[SourceVersionDate "2011.11.26"]
[SourceQuality "1"]

1. e4 c5 2. Nf3 d6 3. g3 Nc6 4. Bg2 g6 5. O-O Bg7 6. c3 e5 7. d3 Nge7 8. Be3 O-O 9. Nh4 Be6 10. Nd2 Qd7 11. f4 f5 12. Ndf3 exf4 13. gxf4 Kh8 14. Ng5 Bg8 15. exf5 Nxf5 16. Nxf5 Rxf5 17. h4 h6 18. Be4 hxg5 19. hxg5 Be6 20. Rf2 Kg8 21. Rh2 Ne7 22. Bxf5 Nxf5 23. Bd2 Qb5 24. Qf3 Qxb2 25. Re1 Bf7 26. Rhe2 Qb6 27. Kh2 Qc7 28. Rb1 Rb8 29. a3 b5 30. Rc1 a5 31. Qe4 Qd7 32. Ree1 d5 33. Qf3 b4 34. axb4 axb4 35. cxb4 Nd4 36. Qg3 Ra8 37. Ra1 Rxa1 38. Rxa1 Nf3+ 39. Qxf3 Bxa1 40. bxc5 Bg7 41. Be3 d4 42. Qa8+ Qe8 43. Qxe8+ Bxe8 44. Bd2 Kf7 45. Ba5 Ke6 46. Bb6 Kd5 47. Kg3 Bb5 48. Kf3 Bxd3 49. Kf2 Bf5 50. Ke1 d3 51. Kd2 Bd4 52. Bc7 Bxc5 53. Be5 Bb4+ 0-1

[Event "CAN-ch w"]
[Site "Kitchener CAN"]
[Date "2009.08.02"]
[Round "5"]
[White "Starr (Shterenberg), Nava"]
[Black "Lacau Rodean, Iulia"]
[Result "1/2-1/2"]
[WhiteElo "2075"]
[BlackElo "2081"]
[PlyCount "97"]
[GameId "2160767910093416"]
[EventDate "2009.07.31"]
[EventType "tourn"]
[EventRounds "7"]
[EventCountry "CAN"]

1. e4 c5 2. Nc3 Nc6 3. g3 g6 4. Bg2 Bg7 5. Nge2 d6 6. d3 e6 7. Be3 Nge7 8. Qd2 Nd4 9. Nc1 Qa5 10. O-O O-O 11. Nd5 Nec6 12. Nc3 Rb8 13. Nb3 Qc7 14. Nd1 b5 15. Nc1 Ne7 16. c3 Ndc6 17. Ne2 b4 18. d4 bxc3 19. Ndxc3 cxd4 20. Nxd4 Nxd4 21. Bxd4 Bxd4 22. Qxd4 Qb6 23. Qxb6 Rxb6 24. b3 Ba6 25. Rfc1 Rc8 26. Bf1 Bxf1 27. Kxf1 Rbc6 28. Ne2 d5 29. exd5 Nxd5 30. Rxc6 Rxc6 31. Rc1 Rxc1+ 32. Nxc1 Kf8 33. Ke2 Ke7 34. Kd3 Kd6 35. Kc4 Kc6 36. Nd3 Nb6+ 37. Kd4 f6 38. f4 Kd6 39. a4 Nd7 40. Nf2 e5+ 41. fxe5+ fxe5+ 42. Kc4 Nc5 43. a5 a6 44. b4 Nb7 45. Ne4+ Kc6 46. Nc3 Nd6+ 47. Kd3 Nb5 48. Ne4 Nd6 49. Nc3 1/2-1/2

[Event "CAN-ch w"]
[Site "Kitchener CAN"]
[Date "2009.08.03"]
[Round "5"]
[White "Kagramanov, Dalia"]
[Black "Kagramanov, Dina"]
[Result "0-1"]
[WhiteElo "1832"]
[BlackElo "2093"]
[PlyCount "72"]
[GameId "2160767910093417"]
[EventDate "2009.07.31"]
[EventType "tourn"]
[EventRounds "7"]
[EventCountry "CAN"]
[SourceTitle "EXT 2011"]
[Source "ChessBase"]
[SourceDate "2011.11.26"]
[SourceVersion "1"]
[SourceVersionDate "2011.11.26"]
[SourceQuality "1"]

1. e4 c5 2. Nf3 e6 3. d4 cxd4 4. Nxd4 a6 5. Bd3 Nc6 6. Nxc6 bxc6 7. O-O d6 8. Nc3 Nf6 9. Be3 e5 10. f4 Ng4 11. Qe1 Be7 12. h3 Nxe3 13. Qxe3 Rb8 14. Bc4 O-O 15. Bb3 Bf6 16. Rad1 Qe7 17. Rf3 exf4 18. Qxf4 Be5 19. Qd2 Be6 20. Qe2 a5 21. Rdd3 Bxb3 22. cxb3 Rb4 23. Qd2 Rd8 24. a3 Rxb3 25. Kh1 Qh4 26. Kg1 h6 27. Qe2 Re8 28. Rfe3 c5 29. Qc2 Reb8 30. Nd1 Rxb2 31. Qc4 Bd4 32. Rxd4 cxd4 33. Qxd4 Rb1 34. Re2 d5 35. Qd3 dxe4 36. Rxe4 Rxd1+ 0-1

[Event "CAN-ch w"]
[Site "Kitchener CAN"]
[Date "2009.08.03"]
[Round "5"]
[White "Yuan, Yuanling"]
[Black "Kalaydina, Regina Veronicka"]
[Result "1-0"]
[WhiteElo "2203"]
[BlackElo "1879"]
[PlyCount "63"]
[GameId "2160767910093418"]
[EventDate "2009.07.31"]
[EventType "tourn"]
[EventRounds "7"]
[EventCountry "CAN"]
[SourceTitle "EXT 2011"]
[Source "ChessBase"]
[SourceDate "2011.11.26"]
[SourceVersion "1"]
[SourceVersionDate "2011.11.26"]
[SourceQuality "1"]

1. e4 c5 2. Nf3 e6 3. d4 cxd4 4. Nxd4 Nc6 5. Nb3 Nf6 6. Bd3 d5 7. exd5 Nxd5 8. N1d2 e5 9. O-O Be7 10. Nc4 Be6 11. Re1 Qc7 12. Qe2 Nf4 13. Bxf4 exf4 14. c3 O-O 15. Ncd2 Rfd8 16. Nf3 Bf6 17. h3 b6 18. Bc2 Rac8 19. Nbd2 g6 20. Ne4 Bg7 21. Neg5 Bd7 22. Nxf7 Kxf7 23. Ng5+ Kf8 24. Qc4 Ne5 25. Nxh7+ Ke7 26. Qxf4 Be6 27. Qh4+ Kd7 28. Ba4+ Kd6 29. Rad1+ Bd5 30. Qe4 Qb7 31. Bb3 Rc5 32. c4 1-0

[Event "CAN-ch w"]
[Site "Kitchener CAN"]
[Date "2009.08.03"]
[Round "6"]
[White "Kalaydina, Regina Veronicka"]
[Black "Starr (Shterenberg), Nava"]
[Result "0-1"]
[WhiteElo "1824"]
[BlackElo "2075"]
[PlyCount "60"]
[GameId "2160767910093419"]
[EventDate "2009.07.31"]
[EventType "tourn"]
[EventRounds "7"]
[EventCountry "CAN"]

1. Nf3 g6 2. c4 Bg7 3. d4 c5 4. e4 cxd4 5. Nxd4 Nc6 6. Be3 Nf6 7. Nc3 d6 8. Be2 O-O 9. O-O a6 10. a4 Bd7 11. Nxc6 Bxc6 12. f3 Qa5 13. Rb1 Qb4 14. Qd2 Bxa4 15. Nxa4 Qxa4 16. b4 Qc6 17. Rfc1 Rfd8 18. b5 Qc8 19. Bb6 Re8 20. bxa6 bxa6 21. c5 dxc5 22. Rxc5 Qd7 23. Qb4 Rab8 24. Rc7 Qxc7 25. Bxc7 Rxb4 26. Rxb4 Nd7 27. Ba5 Bc3 28. Ra4 Nc5 29. Rc4 Bxa5 30. Rxc5 Bb6 0-1

[Event "CAN-ch w"]
[Site "Kitchener CAN"]
[Date "2009.08.11"]
[Round "6"]
[White "Kagramanov, Dina"]
[Black "Yuan, Yuanling"]
[Result "1-0"]
[WhiteElo "2093"]
[BlackElo "2203"]
[PlyCount "83"]
[GameId "2160767910093420"]
[EventDate "2009.07.31"]
[EventType "tourn"]
[EventRounds "7"]
[EventCountry "CAN"]
[SourceTitle "EXT 2011"]
[Source "ChessBase"]
[SourceDate "2011.11.26"]
[SourceVersion "1"]
[SourceVersionDate "2011.11.26"]
[SourceQuality "1"]

1. e4 c5 2. Nc3 Nc6 3. Bb5 d6 4. Nf3 a6 5. Bxc6+ bxc6 6. Qe2 e5 7. d3 Nf6 8. Bd2 Rb8 9. b3 Be7 10. Nd1 O-O 11. Ne3 Ne8 12. Nc4 Be6 13. Ba5 Qc8 14. Nfd2 f5 15. O-O-O Nc7 16. a4 f4 17. g3 Nb5 18. axb5 axb5 19. Nxe5 dxe5 20. Bc3 Bd6 21. h3 Ra8 22. Rdg1 f3 23. Nxf3 Ra2 24. Qe3 Qa6 25. Kd2 Bxb3 26. Rc1 Qa4 27. Ke1 Bxc2 28. Bxe5 Rxf3 29. Qxf3 Bxe5 30. Kf1 Ra3 31. Qh5 Bxd3+ 32. Kg1 Bd6 33. Qe8+ Bf8 34. Qe6+ Kh8 35. Qf7 Qa8 36. e5 Be4 37. e6 Ra1 38. Kh2 Ra7 39. Ra1 Rxa1 40. Rxa1 Qd8 41. e7 Bxe7 42. Qxe7 1-0

[Event "CAN-ch w"]
[Site "Kitchener CAN"]
[Date "2009.08.11"]
[Round "6"]
[White "Lacau Rodean, Iulia"]
[Black "Serbanescu, Natasa"]
[Result "1-0"]
[WhiteElo "2035"]
[BlackElo "1849"]
[PlyCount "113"]
[GameId "2160767910093421"]
[EventDate "2009.07.31"]
[EventType "tourn"]
[EventRounds "7"]
[EventCountry "CAN"]
[SourceTitle "EXT 2011"]
[Source "ChessBase"]
[SourceDate "2011.11.26"]
[SourceVersion "1"]
[SourceVersionDate "2011.11.26"]
[SourceQuality "1"]

1. e4 c5 2. Nf3 Nc6 3. g3 d6 4. Bg2 g6 5. O-O Bg7 6. d3 Bg4 7. h3 Bd7 8. c3 Qc8 9. Kh2 Nf6 10. Bg5 h6 11. Bxf6 Bxf6 12. d4 g5 13. d5 Ne5 14. Nxe5 dxe5 15. c4 g4 16. h4 b5 17. cxb5 Bxb5 18. Re1 Rb8 19. Na3 h5 20. Rc1 O-O 21. Re3 Bd7 22. Qd2 Rb4 23. Rec3 Qb8 24. b3 Rd4 25. Qb2 Rc8 26. Rxc5 Rxc5 27. Rxc5 Qb4 28. Rc4 Qe1 29. Rc1 Rd1 30. Rxd1 Qxd1 31. Qc2 Qxc2 32. Nxc2 Bg7 33. Nb4 Kf8 34. Nc6 Bxc6 35. dxc6 Ke8 36. b4 Kd8 37. f3 Kc7 38. b5 e6 39. fxg4 hxg4 40. Bf1 f5 41. Be2 Bh6 42. h5 Kd6 43. Kg2 Be3 44. Kf1 Bg5 45. Ke1 Kc7 46. Kd1 a6 47. a4 axb5 48. axb5 Kb6 49. Kc2 Bh6 50. Kd3 Bg5 51. exf5 exf5 52. Bxg4 e4+ 53. Kd4 Bf6+ 54. Kd5 e3 55. Bf3 Bg7 56. Kd6 Bf8+ 57. Kd7 1-0

[Event "CAN-ch w"]
[Site "Kitchener CAN"]
[Date "2009.08.03"]
[Round "7"]
[White "Serbanescu, Natasa"]
[Black "Kalaydina, Regina Veronicka"]
[Result "1/2-1/2"]
[WhiteElo "1849"]
[BlackElo "1879"]
[PlyCount "94"]
[GameId "2160767910093422"]
[EventDate "2009.07.31"]
[EventType "tourn"]
[EventRounds "7"]
[EventCountry "CAN"]
[SourceTitle "EXT 2011"]
[Source "ChessBase"]
[SourceDate "2011.11.26"]
[SourceVersion "1"]
[SourceVersionDate "2011.11.26"]
[SourceQuality "1"]

1. e4 c5 2. Nf3 e6 3. d4 cxd4 4. Qxd4 Nc6 5. Qa4 a6 6. Bd3 d6 7. O-O Bd7 8. c3 Nf6 9. Qc2 Be7 10. Bg5 h6 11. Bh4 g5 12. Bg3 e5 13. h3 g4 14. hxg4 Nxg4 15. Nh2 h5 16. Nxg4 hxg4 17. f4 gxf3 18. Rxf3 Be6 19. Na3 Bh4 20. Qf2 Bxg3 21. Qxg3 Qb6+ 22. Qf2 Qxf2+ 23. Kxf2 d5 24. exd5 Bxd5 25. Re3 O-O-O 26. b4 Rh2 27. Rg1 Rh4 28. b5 Rf4+ 29. Ke2 axb5 30. Bxb5 Na7 31. Rxe5 f6 32. Rh5 Nxb5 33. Nxb5 Re4+ 34. Kf2 Bxa2 35. Rc5+ Kb8 36. Nd4 Rc8 37. Rxc8+ Kxc8 38. Ra1 Bd5 39. g3 Re5 40. Ra8+ Kd7 41. Rf8 Ke7 42. Rb8 f5 43. c4 Be4 44. Ra8 Rc5 45. Ra4 Kf6 46. Ke3 Re5 47. Nf3 Bxf3+ 1/2-1/2

[Event "CAN-ch w"]
[Site "Kitchener CAN"]
[Date "2009.08.03"]
[Round "7"]
[White "Starr (Shterenberg), Nava"]
[Black "Kagramanov, Dina"]
[Result "1/2-1/2"]
[WhiteElo "2075"]
[BlackElo "2150"]
[PlyCount "108"]
[GameId "2160767910093423"]
[EventDate "2009.07.31"]
[EventType "tourn"]
[EventRounds "7"]
[EventCountry "CAN"]

1. e4 c5 2. Nc3 Nc6 3. f4 g6 4. Nf3 Bg7 5. a3 d6 6. Bc4 Nh6 7. d3 Bg4 8. h3 Bxf3 9. Qxf3 Nd4 10. Qf2 O-O 11. g4 Kh8 12. f5 gxf5 13. g5 Ng8 14. exf5 b5 15. Ba2 e6 16. f6 Nxf6 17. gxf6 Bxf6 18. Kd1 Bh4 19. Qf1 b4 20. axb4 cxb4 21. Ne2 Nf5 22. Bb3 Qb6 23. Qf3 Rg8 24. Rf1 Raf8 25. Bf4 Rg6 26. Qe4 Rfg8 27. Bd2 Rg2 28. d4 Bf6 29. Rxf5 exf5 30. Qxf5 Bxd4 31. Qxf7 a5 32. Bd5 R2g7 33. Qf3 Re8 34. c3 Be3 35. Bxe3 Qxe3 36. Rxa5 Qb6 37. cxb4 Qxb4 38. Qc3 Qb6 39. Nd4 Rc7 40. Nc6+ Rg7 41. Ra7 Qg1+ 42. Kc2 Re2+ 43. Kb3 Re8 44. Rxg7 Qxg7 45. Qxg7+ Kxg7 46. Kc4 Re3 47. b4 Rxh3 48. b5 Rh4+ 49. Kd3 Rh3+ 50. Kd4 Rh2 51. Nb4 Rh4+ 52. Be4 Rh5 53. Nd5 Rh2 54. Kc4 Re2 1/2-1/2

[Event "CAN-ch w"]
[Site "Kitchener CAN"]
[Date "2009.08.03"]
[Round "7"]
[White "Yuan, Yuanling"]
[Black "Kagramanov, Dalia"]
[Result "1-0"]
[WhiteElo "2203"]
[BlackElo "1832"]
[PlyCount "63"]
[GameId "2160767910093424"]
[EventDate "2009.07.31"]
[EventType "tourn"]
[EventRounds "7"]
[EventCountry "CAN"]
[SourceTitle "EXT 2011"]
[Source "ChessBase"]
[SourceDate "2011.11.26"]
[SourceVersion "1"]
[SourceVersionDate "2011.11.26"]
[SourceQuality "1"]

1. e4 d5 2. exd5 Nf6 3. d4 Nxd5 4. Nf3 g6 5. Be2 Bg7 6. h3 O-O 7. O-O Nc6 8. c4 Nb6 9. d5 Na5 10. Na3 c6 11. Qe1 Nd7 12. Bd2 Bxb2 13. Bxa5 Qe8 14. Nc2 Bxa1 15. Qxa1 cxd5 16. cxd5 b6 17. Bd2 f6 18. Ncd4 Nc5 19. Re1 a6 20. Qb1 Rb8 21. Bh6 Rf7 22. Nc6 Bf5 23. Qb4 Rb7 24. Be3 Nd3 25. Bxd3 Bxd3 26. Bxb6 Bb5 27. Qc5 Rg7 28. Nfd4 Bxc6 29. dxc6 Rb8 30. c7 Rc8 31. Ne6 Rf7 32. Rd1 1-0

[Event "CAN-op"]
[Site "Edmonton CAN"]
[Date "2009.07.11"]
[Round "1.7"]
[White "Bluvshtein, Mark"]
[Black "Fokkema, Jerred"]
[Result "1-0"]
[WhiteElo "2598"]
[BlackElo "1864"]
[PlyCount "31"]
[GameId "2160767910155678"]
[EventDate "2009.07.11"]
[EventType "swiss"]
[EventRounds "9"]
[EventCountry "CAN"]
[SourceTitle "EXT 2022"]
[Source "ChessBase"]
[SourceDate "2021.10.06"]
[SourceVersion "1"]
[SourceVersionDate "2021.10.06"]
[SourceQuality "1"]

1. d4 d5 2. c4 e6 3. Nc3 Nf6 4. Nf3 c6 5. e3 Bd6 6. Bd3 O-O 7. O-O Nbd7 8. e4 dxc4 9. Bxc4 e5 10. Bb3 Re8 11. Ng5 Re7 12. f4 exd4 13. e5 Bc5 14. Na4 Nd5 15. Nxc5 Nxc5 16. Qc2 1-0

[Event "CAN-op"]
[Site "Edmonton CAN"]
[Date "2009.07.11"]
[Round "1.17"]
[White "Yoos, John"]
[Black "Steer, David"]
[Result "1-0"]
[WhiteElo "2442"]
[BlackElo "1814"]
[PlyCount "83"]
[GameId "2160767910155687"]
[EventDate "2009.07.11"]
[EventType "swiss"]
[EventRounds "9"]
[EventCountry "CAN"]
[SourceTitle "EXT 2022"]
[Source "ChessBase"]
[SourceDate "2021.10.06"]
[SourceVersion "1"]
[SourceVersionDate "2021.10.06"]
[SourceQuality "1"]

1. e4 e5 2. f4 Bc5 3. Nf3 d6 4. c3 Nc6 5. Bb5 Bd7 6. d4 exd4 7. cxd4 Bb4+ 8. Bd2 Nf6 9. O-O O-O 10. a3 Bxd2 11. Nbxd2 d5 12. e5 Ne4 13. Bd3 Bg4 14. Qc2 h6 15. Bxe4 dxe4 16. Qxe4 Ne7 17. Qxb7 Rb8 18. Qxa7 Rxb2 19. Rfb1 Rxd2 20. Nxd2 Nc6 21. Qc5 Nxd4 22. Nf1 Ne2+ 23. Kh1 Nxf4 24. Qf2 g5 25. Ne3 Be2 26. g3 Qa8+ 27. Ng2 Nxg2 28. Kg1 Bf3 29. a4 Rd8 30. a5 Qd5 31. a6 Be4 32. Rf1 Qxe5 33. Qxf7+ Kh8 34. Qf6+ Qxf6 35. Rxf6 Kg7 36. Re6 Ba8 37. Rc1 Rd7 38. Re8 Bf3 39. Rf1 Bc6 40. a7 Rf7 41. Rxf7+ Kxf7 42. Rc8 1-0

[Event "CAN-op"]
[Site "Edmonton CAN"]
[Date "2009.07.11"]
[Round "1.19"]
[White "Zilberstein, Dmitry"]
[Black "De Jong, Walter"]
[Result "1-0"]
[WhiteElo "2437"]
[BlackElo "1812"]
[PlyCount "81"]
[GameId "2160767910155688"]
[EventDate "2009.07.11"]
[EventType "swiss"]
[EventRounds "9"]
[EventCountry "CAN"]
[SourceTitle "EXT 2022"]
[Source "ChessBase"]
[SourceDate "2021.10.06"]
[SourceVersion "1"]
[SourceVersionDate "2021.10.06"]
[SourceQuality "1"]

1. d4 e6 2. c4 f5 3. g3 Nf6 4. Bg2 c6 5. Nh3 d5 6. b3 Bd6 7. Bf4 Qa5+ 8. Nd2 Bxf4 9. Nxf4 Ne4 10. f3 Nxd2 11. Qxd2 Qxd2+ 12. Kxd2 g5 13. Nd3 Nd7 14. e4 Nb6 15. Rac1 a5 16. exf5 exf5 17. h4 a4 18. c5 axb3 19. axb3 Ra2+ 20. Rc2 Rxc2+ 21. Kxc2 Na8 22. hxg5 Nc7 23. Nf4 Ne6 24. Nxe6 Bxe6 25. Rh6 Bf7 26. Bf1 O-O 27. Bd3 Bg6 28. Kd2 Kg7 29. f4 Ra8 30. Rh1 Ra2+ 31. Bc2 Kg8 32. Kc3 Kg7 33. Re1 Kf7 34. Re5 Ra1 35. Bxf5 Rg1 36. Be6+ Kf8 37. Re3 Rc1+ 38. Kb4 Ra1 39. Kc3 Rc1+ 40. Kd2 Rc2+ 41. Kd1 1-0